000
00209 a2200097 4500
001
10206
100
_a
Eisberg, R M
245
_a
Fundamentals of modern physics.
260
_a
_b
Wiley
_c
090
_c
7912
_d
7912
942
_a
NUST-CAE
_c
M
_c
34614
999
_c
245279
_d
245279